Chudoba v Slovenskej republike a sociálna exlúzia

Vymedzenie pojmu a definícia chudoby. Chudoba ako celosvetový problém. Miera chudoby v krajinách EÚ a na Slovensku. Chudobou ohrozené skupiny obyvateľstva. Opatrenia na riešenie príčin chudoby.

Salvato in:
Dettagli Bibliografici
Autore principale: Sika, Peter, 1975-
Natura: Capitolo di libro
Lingua:slovacco
Soggetti:
Tags: Aggiungi Tag
Nessun Tag, puoi essere il primo ad aggiungerne!!

MARC

LEADER 00000naa$a2200000$$$4500
001 0018797
005 20231106081657.1
041 0 |a slo 
044 |a SK 
245 1 0 |a Chudoba v Slovenskej republike a sociálna exlúzia  |c Peter Sika 
520 |a Vymedzenie pojmu a definícia chudoby. Chudoba ako celosvetový problém. Miera chudoby v krajinách EÚ a na Slovensku. Chudobou ohrozené skupiny obyvateľstva. Opatrenia na riešenie príčin chudoby. 
610 2 0 |a chudoba 
610 2 0 |a minimum existenčné 
610 2 0 |a úroveň životná 
610 2 0 |a Slovensko 
610 2 0 |a Európska únia 
610 2 0 |a príjmy obyvateľstva 
610 2 0 |a zamestnanosť 
610 2 0 |a dávky sociálne 
610 2 0 |a podpory v nezamestnanosti 
610 2 0 |a regióny 
610 2 0 |a trh práce 
100 1 |a Sika, Peter, 1975-